000 00505nam a22000977a 4500
999 _c2740
_d2740
008 180514b ||||| |||| 00| 0 eng d
100 _aWowern, Eric
245 _aGreenland : Pakke Porto stamps 1905-1938
260 _aVirum, Denmark
_bGF Frimaerker
_c1983
650 _aGreenland | 1905-1938 | Parcel Post | 20th Century | Errors and Varieties | Catalogs and Price Lists | Production | Postal Markings | Postal History | Transportation of Mail | Polar Mail | Air Mail | Flights | Covers | Danish Colonies | Denmark